1702 1505 1371 1024 1306 1293 1080 1757 1846 1938 1943 1589 1879 1302 1170 1358 1064 1227 1342 1407 1724 1977 1863 1458 1311 1826 1563 1902 1512 1978 1693 1556 1198 1194 1034 1188 1301 1563 1899 1872 1417 1465 1113 1422 1570 1308 1735 1021 1647 1474 1818 1440 1829 1282 1024 1938 1852 1421 1770 1590 1242 1604 1763 1911 1842 1091 1047 1778 1534 1603 1214 2000 1944 1031 1263 1052 1520 1482 1281 1692 1777 1782 1314 1700 1620 1406 1843 1901 1826 1499 1553 1594 1207 1356 1467 1612 1831 1068 1953 BCNSPRNW ULIB Ver.6.0+V

เปลี่ยนเป็นภาษาไทย

Change to English
 แสดงรายละเอียดบรรณานุกรม
  กลับหน้าหลัก

Brief Record : Get Marc (ISO 2709) : E-mail record : QR code < ปิดหน้าต่าง
LEADER : 00000nam 2200000uu 4500
001    13399113622
003     ULIB
008    111201s2553||||th 000 0 tha d
020    ^a9786165000529
090    ^aนว.^bพ941ป 2553
100 0  ^aแพรณัฐ
245 00 ^aเปลวไฟในสายลม/^cแพรณัฐ
250    ^aพิมพ์ครั้งที่ 2
260    ^aกรุงเทพฯ :^bพิมพ์คำ,^c2553
300    ^a400 หน้า
710 1  ^aพิมพ์คำ
945    ^p260^l0^i17048
995    ^aกัณชพร
999    ^aใช้งานได้ทุกระบบ
รายการนี้ยังไม่มีแท็ก
คุณยังไม่ได้ล็อกอิน คุณสามารถมีกิจกรรมร่วมกับเว็บไซต์ได้ แต่ต้องล็อกอินก่อน ::
  ล็อกอิน

รายการสื่อสารสนเทศ

ลำดับที่ ประเภท เลขเรียก/บาร์โค้ด สถานที่ สถานะ
1. นวนิยาย
นวนิยาย
นว. พ941ป 2553 ฉ.1 
  Barcode: 17048
ห้องสมุดวิทยาเขตสวรรค์ประชารักษ์
►นวนิยาย
บนชั้น
  ขอยืม

รายการใกล้เคียง
    ผู้แต่ง [แพรณัฐ]

BibComment


ยังไม่เคยถูกคอมเมนท์

คอมเมนท์ทรัพยากรรายการนี้
  คอมเมนท์: เปลวไฟในสายลม แพ..


 Copyright 2026. Bcnsprnw @Library